Geology of Love County, Oklahoma, (Record no. 26360)
[ view plain ]
| 000 -LEADER | |
|---|---|
| fixed length control field | 00869cam a22002531 4500 |
| 001 - CONTROL NUMBER | |
| control field | gs 25000044 |
| 003 - CONTROL NUMBER IDENTIFIER | |
| control field | DLC |
| 005 - DATE AND TIME OF LATEST TRANSACTION | |
| control field | 20260227111329.0 |
| 008 - FIXED-LENGTH DATA ELEMENTS--GENERAL INFORMATION | |
| fixed length control field | 760920s1925 okufb 000 0 eng |
| 010 ## - LIBRARY OF CONGRESS CONTROL NUMBER | |
| LC control number | gs 25000044 |
| 035 ## - SYSTEM CONTROL NUMBER | |
| System control number | (OCoLC)2452356 |
| 040 ## - CATALOGING SOURCE | |
| Original cataloging agency | DLC |
| Transcribing agency | OT |
| Modifying agency | OCoLC |
| -- | DLC |
| 042 ## - AUTHENTICATION CODE | |
| Authentication code | premarc |
| 050 00 - LIBRARY OF CONGRESS CALL NUMBER | |
| Classification number | QE153 |
| Item number | .A2 no. 33 |
| 100 1# - MAIN ENTRY--PERSONAL NAME | |
| Personal name | Bullard, Fred M. |
| Fuller form of name | (Fred Mason), |
| Dates associated with a name | 1901- |
| 245 10 - TITLE STATEMENT | |
| Title | Geology of Love County, Oklahoma, |
| Statement of responsibility, etc. | by Fred M. Bullard. |
| 260 ## - PUBLICATION, DISTRIBUTION, ETC. | |
| Place of publication, distribution, etc. | Norman, |
| Date of publication, distribution, etc. | 1925. |
| 300 ## - PHYSICAL DESCRIPTION | |
| Extent | 77 p. |
| Other physical details | ill., XXIX pl. (part fold., incl. map, profiles) tables. 24 cm. |
| 410 10 - SERIES STATEMENT/ADDED ENTRY--CORPORATE NAME [OBSOLETE, CAN/MARC], [LOCAL, USA] | |
| Corporate name or jurisdiction name as entry element | Oklahoma. |
| Subordinate unit | Gelogical survey. |
| Title of a work | Bulletin |
| Volume number/sequential designation | no. 33 |
| 500 ## - GENERAL NOTE | |
| General note | At head of title: Oklahoma Gelogical survey. Chas. N. Gould, director. |
| 500 ## - GENERAL NOTE | |
| General note | Map and 2 plates folded in pocket. |
| 504 ## - BIBLIOGRAPHY, ETC. NOTE | |
| Bibliography, etc. note | Bibliographical references. |
| 650 #0 - SUBJECT ADDED ENTRY--TOPICAL TERM | |
| Topical term or geographic name entry element | Geology |
| Geographic subdivision | Oklahoma |
| -- | Love County. |
No items available.